Process dynamics: Control and protection (Record no. 38886)

MARC details
000 -LEADER
fixed length control field 00307nam a2200121Ia 4500
082 ## - DEWEY DECIMAL CLASSIFICATION NUMBER
Classification number 531.3
Item number ROF
100 ## - MAIN ENTRY--AUTHOR NAME
Personal name Rijnsdorp, John E
245 #0 - TITLE STATEMENT
Title Process dynamics: Control and protection
260 ## - PUBLICATION, DISTRIBUTION, ETC. (IMPRINT)
Place of publication London
Name of publisher Ann Arbor
Year of publication 1982
700 ## - ADDED ENTRY--PERSONAL NAME
Personal name Brian
942 ## - ADDED ENTRY ELEMENTS (KOHA)
Koha item type Books
Holdings
Withdrawn status Lost status Damaged status Not for loan Home library Current library Date acquired Cost, normal purchase price Full call number Accession Number Koha item type
        RRII Library RRII Library 16/12/2021 40.00 531.3 ROF 19237 Books